Critical thinking and writing for nursing students
Saved in:
| Hovedforfatter: | |
|---|---|
| Format: | Bog |
| Sprog: | engelsk |
| Udgivet: |
Sage
2016
|
| Tags: |
Tilføj Tag
Ingen Tags, Vær først til at tagge denne postø!
|
MARC
| LEADER | 00000nam a22000007a 4500 | ||
|---|---|---|---|
| 008 | 210122b ||||| |||| 00| 0 eng d | ||
| 020 | |a 978-1-4739-2508-3 | ||
| 100 | |a PRICE, Bob. | ||
| 245 | |a Critical thinking and writing for nursing students |c Bob Price, Anne Harrington |e (Transforming nursing practice). |g xi, 193p.; ill. | ||
| 250 | |b 3rd ed. | ||
| 260 | |b Sage |c 2016 |h Los Angeles |i 693325 |i 693326 |l RT24 .P93 |m Nursing – Authorship. |m Critical thinking. |m Self-knowledge, Theory of |m Medical writing. | ||
| 500 | |a “It includes references and index.” | ||
| 942 | |a lcc |c BK |e Adeniran, F. A |f 22/01/2021 | ||
| 952 | |0 0 |1 0 |2 lcc |4 0 |6 RT0024 P93 |7 0 |9 1616 |a HOL |b HE |c QZ |d 2021-01-22 |l 0 |o RT24 .P93 |p 2021-0404 |r 2021-01-22 00:00:00 |w 2021-01-22 |y BK | ||
| 952 | |0 0 |1 0 |2 lcc |4 0 |6 RT0024 P93 |7 0 |9 1617 |a HOL |b HOL |c QZ |d 2021-01-22 |l 0 |o RT24 .P93 |p 2021-0405 |r 2021-01-22 00:00:00 |w 2021-01-22 |y BK | ||
| 999 | |c 857 |d 857 | ||